[Event "Ramco Open 2018"]
[Site "Virudhunagar"]
[Date "2018.11.29"]
[Round "1"]
[White "Harikrishnan.A.Ra"]
[Black "Vel Aswin Saminathan"]
[Result "1-0"]
[WhiteElo "2420"]
[BlackElo "1239"]
[Annotator "TA"]
[PlyCount "84"]
[EventDate "2018.11.29"]
[EventType "swiss"]
[EventCountry "IND"]
[SourceTitle "playchess.com"]
[Source "ChessBase"]
[SourceQuality "1"]

{[%evp 11,84,0,4,-17,-18,-24,-10,-9,31,22,18,0,26,22,96,95,158,144,159,162,145,121,185,192,189,186,193,201,231,234,240,244,247,256,241,241,254,211,214,213,208,211,202,210,198,204,197,209,223,202,215,200,210,0,219,-728,1168,-29989,1227,-764,1179,-29964,1227,-5028,405,-697,1219,392,331,-82,1258,-29984,715,-29987,203]} 1. e4 c5 2. Nf3 d6 3. Bb5+ Bd7 4. Bxd7+ Nxd7 5. d4 cxd4 6. Nxd4 Ngf6 {LiveBook: 6 Games. B52: Sicilian: Moscow Variation with 3...Bd7} (6... g6 7. O-O Bg7 8. c4 Ngf6 9. Nc3 O-O 10. Be3 Qa5 11. f3 Rfc8 12. Qb3 Ne5 13. Qxb7 Nxc4 14. Bf2 Rab8 15. Qxe7 Re8 16. b4 Qxb4 17. Qc7 Rbc8 18. Qxa7 Qxc3 19. a4 Nd2 20. Nb5 Qc6 21. Rfd1 Nfxe4 22. fxe4 Bxa1 23. Rxa1 Nxe4 24. Bd4 Qc1+ {0-1 (24) Camacho Collados,J (2383)-Petursson,M (2520) Berlin 2015}) 7. f3 e6 8. O-O Qb6 $146 {Strongly threatening ...e5.Black has an edge.} ({Predecessor:} 8... Be7 9. Be3 O-O 10. c4 Rc8 11. Nc3 Ne5 12. b3 d5 13. exd5 exd5 14. Nxd5 Nxd5 15. cxd5 Qxd5 {1-0 (43) Graton,T (1882)-Lalanne,T (1723) Paris 2012}) 9. Kh1 Be7 10. c4 O-O 11. Nc3 Rac8 12. b3 d5 (12... Rfe8 $11) 13. exd5 $16 Bb4 {[#]} ({Better is} 13... exd5 14. Nf5 (14. Nxd5 Nxd5 15. Nf5 Bf6 $11) 14... Rfe8) 14. Na4 $1 {[%cal Ra4b6]} Qd6 15. dxe6 fxe6 16. Bb2 Ba5 (16... Nc5 $16 {was called for.}) 17. Nb5 Qxd1 18. Raxd1 a6 19. Nd6 Rc7 20. a3 b5 21. cxb5 axb5 22. Nxb5 {Black must now prevent b4.} Rb7 23. Nd4 Rc8 24. b4 ({Resist} 24. Nxe6 $6 Rxb3 25. Nd4 Rbb8 $16) 24... Bxb4 25. axb4 Rxb4 26. Nxe6 ({Don't take} 26. Ra1 $6 Ra8 $16) 26... Rxa4 27. Nxg7 $1 Rc2 28. Bxf6 $1 Nxf6 29. Nf5 Raa2 30. Ne3 Rcb2 31. Ra1 Nh5 32. g3 $2 (32. Rxa2 $18 Rxa2 33. g3) 32... Nf6 $2 (32... Rxh2+ $11 {and Black is okay.} 33. Kg1 Nxg3 34. Rxa2 Rxa2) 33. Rf2 $4 {[%mdl 8192]} (33. Rxa2 $18 Rxa2 34. Rb1) 33... Nd7 $4 {[%mdl 8192]} (33... Rxf2 $19 34. Rxa2 Rxa2) 34. Re2 $4 {[%mdl 8192]} (34. Rxa2 $18 Rb7 35. Kg2) 34... Nc5 $4 {[%mdl 8192]} (34... Rxa1+ 35. Kg2 Rxe2+ 36. Kh3 Rxe3 37. Kg4 {[#]} h5+ $1 {[%mdl 576] Decoy} 38. Kxh5 Nf6+ 39. Kg5 Rxf3 40. Kh4 Kf7 41. g4 Rh1 42. Kg5 Nh7+ 43. Kh6 Rxh2#) 35. Rf2 $4 {[%mdl 8192]} (35. Rxa2 $18 Rxe2 36. Rxe2) 35... Kg7 $4 {[%mdl 8192]} (35... Rxf2 $19 36. Rxa2 Rxa2) 36. Rd2 $4 {[%mdl 8192]} (36. Rxa2 $18 Rb3 37. Rfe2) 36... Rc2 $4 {[%mdl 8192]} (36... Rxa1+ {and life is good for Black.} 37. Rd1 Rxd1+ 38. Nxd1 Rb1 39. Kg1 Rxd1+ 40. Kg2 Rd2+ 41. Kh3 Kf6 42. g4 Ke5 43. Kg3 Ne6 44. f4+ Ke4 45. f5 Nf4 46. h3 Rg2+ 47. Kh4 h6 48. f6 Kf3 49. f7 Rh2 50. f8=Q Rxh3#) 37. h4 $4 {[%mdl 8192]} (37. Nxc2 $18 Rxa1+ 38. Nxa1) 37... Nb3 $4 {[%mdl 8192]} (37... Rxa1+ $19 38. Rd1 Rxd1+ 39. Nxd1 Rc1) 38. Rg2 $4 {[%mdl 8192]} (38. Rxc2 Rxa1+ 39. Kg2 Ra7 $18) (38. Rxa2 $18 Rxd2 39. Rxd2 Nxd2 40. Kg2) 38... Nc1 $4 {[%mdl 8192]} ({Less strong is} 38... Nxa1 39. Nxc2 Rxc2 40. g4 $17) (38... Rxg2 $19 39. Nxg2 Rxa1+ 40. Kh2 Nd4) 39. Nf5+ $2 (39. Nxc2 Rxa1 40. Nxa1) 39... Kf7 40. h5 $2 ({White should play} 40. Nd6+ $18 Ke6 41. Rxa2 Rxa2 42. Rxa2 Nxa2 43. Ne4) 40... Nb3 $2 {[%mdl 8192]} (40... Rxg2 $17 41. Rxc1 Rgf2) 41. Rd2 $4 {[%mdl 8192]} (41. Rxa2 $18 Rc3 42. Ra7+ Kf6 43. g4) 41... h6 $4 {[%mdl 8192]} (41... Rxa1+ {and all is fine.} 42. Kg2 Nxd2 43. Kh3 Nxf3 44. Nd6+ Kf6 45. Kg4 Ne5+ 46. Kf4 Rf1+ 47. Ke4 Re1+ 48. Kd5 Rd1+ 49. Ke4 Re2+ 50. Kf4 Rf1#) 42. Rg1 $4 {[%mdl 8192]} (42. Nxh6+ $18 Kf6 43. Ng4+ Kf7 44. Rxa2 Rxd2 45. Ra7+ Ke6 46. h6) 42... Kf6 $4 {[%mdl 8192] Accuracy: White = 26%, Black = 16%.} (42... Rxd2 {mates} 43. Nxh6+ Kg7 44. Ng4 Nd4 45. h6+ Kh7 46. Re1 Nxf3 47. Re7+ Kg6 48. Rg7+ Kh5 49. Nf6+ Kxh6 50. Rh7+ Kg6 51. Rh6+ {[%mdl 64] Decoy} Kxh6 52. Ng4+ Kg7 53. Nf2 Rxf2 54. g4 Rh2#) 1-0

[Event "Ramco Open 2018"]
[Site "Virudhunagar"]
[Date "2018.11.29"]
[Round "1"]
[White "Ravi, Thandalam Shanmugam"]
[Black "Muthukumaran V"]
[Result "1-0"]
[WhiteElo "2294"]
[BlackElo "1232"]
[Annotator "TA"]
[PlyCount "85"]
[EventDate "2018.11.29"]
[EventType "swiss"]
[EventCountry "IND"]
[SourceTitle "playchess.com"]
[Source "ChessBase"]
[SourceQuality "1"]

{[%evp 14,84,22,25,24,13,41,16,15,11,10,0,31,37,45,-4,-4,-14,13,10,16,15,30,0,8,3,16,14,14,10,27,30,45,54,54,50,171,37,32,23,31,16,68,80,147,157,482,488,489,479,483,404,508,517,834,828,818,825,804,777,808,826,29990,29991,29991,29992,29996,29997,29997,29998,29998,29999,29999]} 1. e4 c5 2. c3 d5 3. exd5 Qxd5 4. d4 cxd4 5. cxd4 e5 6. Nf3 exd4 7. Qxd4 Qxd4 8. Nxd4 Bb4+ {B22: Sicilian: 2 c3} 9. Nc3 a6 (9... Nf6 10. Ndb5 Na6 11. Bc4 O-O 12. O-O Bf5 13. a3 Bxc3 14. Nxc3 Nc5 15. Bg5 Nfe4 16. Nxe4 Nxe4 {½-½ (36) Tomazini,Z (2405)-Rakesh,K (2283) Pardubice 2017}) 10. Bd2 Nf6 {The position is equal.} 11. Be2 O-O 12. O-O Bc5 $146 ({Predecessor:} 12... Nbd7 13. a3 {1-0 (22) Dolgov,E-Vorontsov,V (2013) Berdsk 2008}) 13. Nb3 Bd6 14. f4 Nc6 15. Bf3 Bd7 16. Be3 Rfe8 17. Bb6 Rac8 18. g3 Be6 19. Rfd1 Be7 20. Nc5 Bxc5+ 21. Bxc5 Nd7 22. Bf2 Nf6 23. Kg2 Ng4 24. Bg1 b5 (24... Nf6 $14) 25. Ne4 ({Only move:} 25. Rd6 $18 Nd8 26. Rxe6 {[%mdl 64] Remove Defender} (26. Rxa6 b4 $16) 26... Nxe6 27. Bxg4) 25... Nb4 $1 $14 26. Nd6 {[%cal Be4d6,Bd6b7,Bb7d8][%mdl 32]} Rc2+ 27. Kh1 Rd8 ({Black should try} 27... Rb8 $11) 28. f5 $36 {[%mdl 2048] White has strong initiative.} Bd7 (28... Bxa2 $142 29. Bxg4 Bd5+ 30. Rxd5 Nxd5) 29. Nb7 $16 Ne5 $2 {[#]} (29... Rf8 $16) 30. Nxd8 $18 Bxf5 31. Bg2 Nbd3 32. Nb7 Rxb2 33. Nc5 a5 (33... Rc2 $142 34. Nxa6 f6) 34. Nxd3 Nxd3 {[#]} 35. Rxd3 $1 {[%mdl 64] Clearance} Bxd3 36. Rd1 Rxa2 37. Rxd3 {[%cal Rd3d8]} h6 38. Rd8+ {White mates.} Kh7 39. Be4+ g6 40. Bd4 {[%csl Gd4][%cal Rd8h8]} f6 41. Bxf6 {[%csl Gf6][%cal Rd8h8]} Ra1+ 42. Bxa1 {[%csl Ga1][%cal Rd8h8]} b4 43. Rh8# {Accuracy: White = 62%, Black = 23%.} 1-0

[Event "Ramco Open 2018"]
[Site "Virudhunagar"]
[Date "2018.11.29"]
[Round "1"]
[White "Siddharthan Anandan"]
[Black "Laxman, R.R."]
[Result "0-1"]
[WhiteElo "1244"]
[BlackElo "2436"]
[Annotator "TA"]
[PlyCount "98"]
[EventDate "2018.11.29"]
[EventType "swiss"]
[EventCountry "IND"]
[SourceTitle "playchess.com"]
[Source "ChessBase"]
[SourceQuality "1"]

{[%evp 17,98,28,50,23,22,24,17,-23,-17,-23,-19,-20,-7,-41,-45,-120,-112,-118,-39,-71,-75,-76,-76,-78,-35,-41,-33,-33,-41,-34,-37,-106,-43,-60,-61,-125,-127,-155,-149,-165,-166,-159,-172,-180,-155,-227,-133,-134,-100,-327,-310,-331,-331,-331,-331,-331,-331,-376,-376,-368,-353,-770,-768,-747,-740,-756,-722,-955,-770,-29969,-29970,-29987,-29984,-29986,-29973,-29967,-29970,-29962,-29965,-29994,-29995,-29995,-982]} 1. Nf3 Nf6 2. g3 d5 3. Bg2 g6 4. d4 Bg7 5. O-O O-O 6. Nbd2 Nc6 7. c4 dxc4 8. Nxc4 Be6 9. b3 a5 {LiveBook: 161 Games} 10. Nce5 {D77: Fianchetto Grünfeld: 6 0-0: Replies other than 6...c6} (10. a4 Bd5 11. e3 Qc8 12. Bb2 Rd8 13. Qe2 b6 14. Rfd1 Qb7 15. Ne1 Bxg2 16. Nxg2 Nb4 17. Nf4 e6 {½-½ (47) Georgiev,K (2623)-Nepomniachtchi,I (2729) Riadh 2017}) 10... Bd5 11. Nxc6 Bxc6 12. Bg5 $146 {The position is equal.} ({Predecessor:} 12. a4 Be4 13. Ba3 Re8 14. Rc1 c6 15. e3 Qc8 16. Ne1 Bxg2 17. Kxg2 e5 18. dxe5 Rxe5 {0-1 (32) Fabregas Fernandez,B (2290)-Panchenko,A (2430) Spain 1998}) 12... a4 13. Bxf6 Bxf6 14. b4 a3 15. Rc1 Qd6 16. Qd2 (16. e3 $15) 16... Ra4 $17 17. e3 Qxb4 ({Better is} 17... Rxb4 $17 18. Rb1 Rxb1 19. Rxb1 Be4) 18. Qxb4 Rxb4 19. Rb1 Rxb1 20. Rxb1 Bd5 21. Nd2 Bxa2 22. Ra1 Be6 23. Rxa3 b5 {[%cal Bb7b5,Bb5b4][%mdl 32]} 24. d5 (24. Rc3 $15) 24... Bd7 (24... b4 $17 25. Ra4 Bf5) 25. Ne4 b4 26. Rb3 (26. Ra7 $15) 26... Rb8 27. Nc5 Be8 28. Na6 Rb6 $1 {[%cal Rb6a6]} 29. Bf1 Bc3 $1 {And now ...Ba4 would win.} 30. Nc5 Rb8 31. Ne4 {[#]} (31. Bd3 $17) 31... Ba4 (31... Be5 $1 $19 {...Ba4 is the strong threat.} 32. Nc5 Bd6) 32. Rb1 Rd8 {Hoping for ...Bc2.} 33. Nxc3 $2 (33. Rc1 $17) 33... bxc3 {[%mdl 4096] Endgame KRB-KRB} 34. e4 c2 35. Rc1 {[#]} Rb8 $1 {[%cal Rb8b1] Threatens to win with ...Rb1.} 36. Bd3 Rb3 37. Rxc2 Rxd3 38. Rxc7 $19 {KRB-KR} Bd1 39. Kg2 $2 (39. f4) 39... Bf3+ {[%mdl 64] Double Attack} 40. Kh3 Bxe4 41. Rxe7 Bxd5 42. Re8+ Kg7 43. Re2 Bf3 {Black mates.} 44. Rb2 h5 45. Kh4 Rd4+ 46. Kh3 Rd1 47. Rb3 g5 48. Rb5 f6 49. Rf5 Bg4+ {Accuracy: White = 35%, Black = 74%.} (49... g4+ $142 50. Kh4 Rh1 51. Rg5+ Kf7 52. Rg7+ Kxg7 53. Kxh5 Rxh2#) 0-1

[Event "Ramco Open 2018"]
[Site "Virudhunagar"]
[Date "2018.11.29"]
[Round "1"]
[White "Shiva Rajan K"]
[Black "Muthaiah AL"]
[Result "0-1"]
[WhiteElo "1235"]
[BlackElo "2408"]
[Annotator "TA"]
[PlyCount "32"]
[EventDate "2018.11.29"]
[EventType "swiss"]
[EventCountry "IND"]
[SourceTitle "playchess.com"]
[Source "ChessBase"]
[SourceQuality "1"]

{[%evp 11,32,43,52,2,177,-20,69,-180,-53,-40,-39,-47,0,-3,1150,-819,1200,-653,1168,-436,1494,884,1632]} 1. d4 {[%cal Bd2d4,Bd4d5][%mdl 32]} Nf6 2. c4 c5 3. d5 e6 4. Nc3 d6 5. e4 g6 6. Bg5 Bg7 {LiveBook: 4 Games} 7. f4 {And now e5 would win. E70: King's Indian: Miscellaneous lines with 4 e4, including 5 Nge2 and 5 Bd3 0-0 6 Nge2} (7. Nf3 h6 8. Bh4 O-O 9. Be2 exd5 10. cxd5 Bg4 11. Nd2 Bxe2 12. Qxe2 Re8 13. O-O Nbd7 14. Rfe1 a6 15. a4 Qc7 16. f3 Nh5 17. Nc4 Ne5 18. Nxe5 Bxe5 {½-½ (61) Palo,D (2546)-Minasian,A (2574) Turin 2006}) 7... O-O $2 (7... Qa5 $11 {and Black stays safe.} 8. Qd2 O-O) 8. Nf3 $146 (8. e5 $18) ({Predecessor:} 8. e5 dxe5 9. fxe5 exd5 10. Bxf6 Bxf6 11. exf6 Re8+ 12. Be2 d4 13. Na4 Nc6 14. Qd2 Re4 15. Qh6 Qf8 16. Qxf8+ Kxf8 17. O-O-O Be6 18. Bf3 Re5 {½-½ (18) Chankamie,M (1629)-Gunaratne,M (1567) Colombo 2012}) 8... Qb6 (8... exd5 $11 9. cxd5 Re8) 9. a4 $2 (9. Qd2 $14 {stays ahead.}) 9... Re8 ({Black should play} 9... Qxb2 $19 10. Qc1 Nxe4 $1 {[%mdl 512]} 11. Qxb2 Bxc3+ 12. Qxc3 Nxc3 13. dxe6 Bxe6) 10. Bxf6 $15 Bxf6 11. Qc2 a6 12. a5 $36 {[%mdl 2048] Black is under pressure.} Bd7 $2 {[%mdl 8192]} (12... Qd8 $11) 13. Qd3 $4 {[%mdl 8192]} (13. axb6 $18 Bxc3+ 14. bxc3) 13... Rc8 $4 {[%mdl 8192]} (13... Qxb2 $19 14. e5 Qxa1+ {[%mdl 64] Double Attack} 15. Kf2 Bg7) 14. g3 $4 {[%mdl 8192]} (14. axb6 $18 Re8 15. Be2) 14... Kg7 $4 {[%mdl 8192]} (14... Qxb2 $19 15. Ra2 Bxc3+ 16. Nd2 Qxa2 17. Qxc3 Re8) 15. h4 $4 {[%mdl 8192]} (15. axb6 $18 {is the narrow road to win.} e5 16. fxe5 dxe5 {[#]} 17. Nb5 $1 {[%mdl 512]} Bxb5 18. cxb5) 15... Kh6 $4 {[%mdl 8192]} (15... Qxb2 $19 16. Ra2 Bxc3+ 17. Nd2 Qb4 18. dxe6 Bxe6) 16. h5 {Threatens to win with hxg6+.} Qc7 {[%mdl 32768] Accuracy: White = 22%, Black =  0%. . Loss on time!?} 0-1

[Event "Ramco Open 2018"]
[Site "Virudhunagar"]
[Date "2018.11.29"]
[Round "1"]
[White "Sairam B Subramaniam"]
[Black "Srihari L R"]
[Result "0-1"]
[WhiteElo "1232"]
[BlackElo "2282"]
[Annotator "NA RC"]
[PlyCount "46"]
[EventDate "2018.11.29"]
[EventType "swiss"]
[EventCountry "IND"]
[SourceTitle "playchess.com"]
[Source "ChessBase"]
[SourceQuality "1"]
[TimeControl "5400+30"]

1. Nf3 {[%emt 0:00:00]} Nf6 {[%emt 0:00:00]} 2. d4 {[%emt 0:00:00]} d6 {[%emt 0:00:07]} 3. c4 {[%emt 0:00:02]} Bg4 {[%emt 0:00:16]} 4. Nc3 {[%emt 0:00:21]} Nbd7 {[%emt 0:00:24]} 5. Bf4 {[%emt 0:00:35]} g6 {[%emt 0:00:52]} 6. e3 {[%emt 0:01:25]} Bg7 {[%emt 0:01:16]} 7. Be2 {[%emt 0:00:43]} Nh5 {[%emt 0:06:44]} 8. Bg3 {[%emt 0:03:49]} c5 {[%emt 0:06:29]} 9. O-O {[%emt 0:06:23]} Nxg3 {[%emt 0:01:32]} 10. fxg3 {[%emt 0:00:40]} cxd4 {[%emt 0:01:30]} 11. Nxd4 {[%emt 0:00:51]} Bxe2 {[%emt 0:00:06]} 12. Qxe2 {[%emt 0:01:49]} O-O {[%emt 0:00:15]} 13. Rf2 {[%emt 0:03:57]} Rc8 {[%emt 0:00:36]} 14. Raf1 {[%emt 0:03:26]} a6 {[%emt 0:05:43]} 15. Ne4 {[%emt 0:06:39]} Ne5 {[%emt 0:07:41]} 16. b3 {[%emt 0:04:22]} d5 {[%emt 0:00:49]} 17. cxd5 {[%emt 0:01:05]} Qxd5 {[%emt 0:00:11]} 18. Nd2 {[%emt 0:03:52]} Rc3 {[%emt 0:08:01]} 19. h3 {[%emt 0:02:35]} Bh6 {[%emt 0:01:46]} 20. Kh1 {[%emt 0:17:37]} Rxe3 {[%emt 0:01:11]} 21. Qd1 {[%emt 0:01:29]} Qxd4 {[%emt 0:00:09]} 22. Nf3 {[%emt 0:00:47] Nxf3Rxf3 [%clk 0:38:31] Qxd1Rxd1 [%clk 0:38:55] Rxf3gxf3 [%clk 0:39:16]} Rc8 {[%emt 0:00:00]} 23. Re1 {[%emt 0:00:01]} e6 {[%emt 0:00:03] Re2 [%clk 0:39:15] Rc1+ [%clk 0:56:06] Kg2 [%clk 0:39:36] Rd1 [%clk 0:56:32] f4 [%clk 0:39:40] g5 [%clk 0:56:43] Kf3 [%clk 0:37:31] gxf4 [%clk 0:57:06] gxf4 [%clk 0:37:48] Rf1+ [%clk 0:57:05]} 0-1

[Event "Ramco Open 2018"]
[Site "Virudhunagar"]
[Date "2018.11.29"]
[Round "2"]
[White "Laxman, R.R."]
[Black "Manikanda Prabhu B V"]
[Result "1-0"]
[WhiteElo "2436"]
[BlackElo "1483"]
[Annotator "TA"]
[PlyCount "73"]
[EventDate "2018.11.29"]
[EventType "swiss"]
[EventCountry "IND"]
[SourceTitle "playchess.com"]
[Source "ChessBase"]
[SourceQuality "1"]

{[%evp 21,72,65,68,66,68,67,97,77,69,72,125,121,146,135,230,243,235,235,231,233,250,234,244,225,384,398,925,930,861,831,1112,1092,1711,1716,1737,1648,1583,1585,1995,1945,29981,29982,29982,29983,3282,4721,29996,29997,29997,29998,29998,29999,29999]} 1. d4 Nf6 2. Nf3 c5 3. d5 d6 4. c4 b5 5. cxb5 a6 6. bxa6 Bxa6 7. Nc3 g6 8. e4 Bxf1 9. Kxf1 Bg7 10. g3 O-O 11. Kg2 Nbd7 12. a4 {A59: Benko/Volga Gambit: White castles by hand} Qa5 13. Bd2 Qb4 14. Qc2 {White is better.} Rfb8 15. Rhb1 {[#]} Qb6 $146 (15... Qb3 $142 16. Qd3 Rb4) ({Predecessor:} 15... Qb3 16. Ne1 Ne5 17. f3 Nc4 18. Bc1 Qxc2+ 19. Nxc2 {0-1 (53) Ragger,M (2659)-Vajda,L (2588) Antalya 2017}) 16. Nb5 $16 Ne8 17. Bc3 Nc7 {[#]} (17... Bxc3 $16 {might work better.} 18. bxc3 (18. Nxc3 Nc7 $16) (18. Qxc3 Qb7 $16) 18... Qd8) 18. Nxc7 $1 $18 Qxc7 19. Bxg7 Kxg7 {[#]} 20. b4 $1 {[%mdl 512]} Rb7 (20... Rxb4 21. Rxb4) 21. b5 Kg8 22. Nd2 Rba7 $2 (22... Qd8 23. Nc4 Nb6) 23. Nc4 Nb6 $2 (23... Qb8 24. b6 Rb7) 24. a5 Nxc4 25. b6 {[%mdl 64] Double Attack} ({Weaker is} 25. Qxc4 Rxa5 26. Rxa5 Rxa5 $16) 25... Qc8 26. bxa7 Ne5 {[#]} 27. Rb8 $1 Rxb8 28. axb8=Q Qxb8 {[%mdl 4096] Endgame KQR-KQN} 29. a6 Qa8 30. Qb3 Qc8 31. a7 Qg4 32. a8=Q+ Kg7 33. Qe3 h5 {[#]} 34. Qh8+ $1 {[%mdl 64] Deflection, Decoy, Back Rank. White mates.} Kxh8 35. Qh6+ Kg8 36. Ra8+ Qc8 37. Rxc8# {Accuracy: White = 91%, Black = 25%.} 1-0

[Event "Ramco Open 2018"]
[Site "Virudhunagar"]
[Date "2018.11.29"]
[Round "2"]
[White "Muthaiah AL"]
[Black "Ulaganathan G"]
[Result "1-0"]
[WhiteElo "2408"]
[BlackElo "1482"]
[Annotator "TA"]
[PlyCount "45"]
[EventDate "2018.11.29"]
[EventType "swiss"]
[EventCountry "IND"]
[SourceTitle "playchess.com"]
[Source "ChessBase"]
[SourceQuality "1"]

{[%evp 17,45,72,116,125,157,155,155,154,190,160,226,230,260,252,242,214,224,210,219,175,295,281,492,498,498,500,556,546,556,531]} 1. d4 d5 2. c4 Nf6 3. cxd5 Nxd5 4. e4 Nb6 5. Nc3 g6 6. Be3 Bg7 7. h3 N8d7 8. Nf3 O-O 9. Be2 {D70: Grünfeld: Unusual White 3rd moves (met by ...d5)} c6 {LiveBook: 3 Games} 10. a4 {[%cal Ba2a4,Ba4a5][%mdl 32] [#] aiming for a5.} (10. O-O e5 11. dxe5 Nxe5 12. Nxe5 Bxe5 13. Qc2 Qh4 14. f4 Bg7 15. Rad1 Bxh3 {½-½ (22) Adamek,J (2337)-Plat,V (2465) Czech Republic 2016}) 10... Nf6 11. a5 {White is clearly better.} Nbd7 12. O-O h6 13. Qb3 Nh7 $146 (13... e6 $16 14. Bd2 Re8) ({Predecessor:} 13... e6 14. Rfd1 Qe7 15. Qc4 a6 16. b4 {1-0 (52) Stahlhut,M-Klingenberg,H Baden 1996}) 14. e5 $18 Kh8 15. Rfd1 Qe8 16. d5 {[%cal Bd4d5,Bd5c6,Bc6c7][%mdl 32]} Nxe5 17. Nxe5 Bxe5 18. a6 b6 (18... bxa6 $142 19. Bxh6 Rb8) 19. dxc6 ({Much less strong is} 19. Bxh6 $6 Bd7 $18) 19... g5 $2 {[#]} (19... Be6 20. Qb5 Bg7) 20. Qd5 {White is clearly winning.} Bxc3 21. bxc3 e5 22. c7 Bf5 23. Bf3 {Accuracy: White = 64%, Black = 19%.} 1-0

[Event "Ramco Open 2018"]
[Site "Virudhunagar"]
[Date "2018.11.29"]
[Round "2"]
[White "Srihari L R"]
[Black "Arjun Sidharth S"]
[Result "1-0"]
[WhiteElo "2282"]
[BlackElo "1477"]
[Annotator "TA"]
[PlyCount "10"]
[EventDate "2018.11.29"]
[EventType "swiss"]
[EventCountry "IND"]
[SourceTitle "playchess.com"]
[Source "ChessBase"]
[SourceQuality "1"]

{[%evp 9,10,-68,41]} 1. b4 d6 2. g3 $146 ({Predecessor:} 2. Bb2 e5 3. c4 g6 4. b5 Bg7 5. a4 f5 6. e3 Nf6 7. Nc3 O-O 8. Nf3 Nbd7 9. d4 exd4 10. Nxd4 Nc5 11. Be2 a6 {1-0 (57) Timmermans,M (2387)-Smeets,J (2600) playchess.com INT 2016}) 2... Nd7 3. Nc3 f5 4. Ba3 c6 5. Bg2 g5 ({Better is} 5... Ngf6 $15) 1-0

[Event "Ramco Open 2018"]
[Site "Virudhunagar"]
[Date "2018.11.29"]
[Round "2"]
[White "Tejaswini G"]
[Black "Harikrishnan.A.Ra"]
[Result "0-1"]
[WhiteElo "1479"]
[BlackElo "2420"]
[Annotator "TA"]
[PlyCount "80"]
[EventDate "2018.11.29"]
[EventType "swiss"]
[EventCountry "IND"]
[SourceTitle "playchess.com"]
[Source "ChessBase"]
[SourceQuality "1"]

{[%evp 11,80,-43,-49,-67,-50,-86,-88,-132,-123,-128,-46,-61,-66,-67,-68,-68,-49,-74,-61,-77,-75,-113,-82,-102,0,0,0,0,0,0,0,0,0,-134,-148,-132,-140,-196,-208,-202,-191,-191,-195,-202,-199,-203,-200,-194,-190,-185,-191,-190,-182,-192,-170,-245,-245,-387,-390,-400,-396,-387,-373,-1545,-1487,-5617,-5609,-5333,-5318,-5265,-1023]} 1. e4 e6 2. d4 d5 3. e5 c5 4. c3 Nc6 5. f4 Qb6 6. Nf3 Nh6 7. Bd3 {C02: French: Advance Variation} Bd7 {[%cal Rc5d4]} 8. Bc2 Rc8 (8... cxd4 9. cxd4 Nb4 10. Bb3 Qa6 11. Be3 Nd3+ 12. Kd2 Bb4+ 13. Kc2 Rc8+ 14. Nc3 Nxb2 15. Kxb2 Bxc3+ {0-1 (27) Reuter,M (1635)-Grunert,F (1914) Kouty nad Desnou 2018}) 9. O-O {Black is better.} cxd4 10. cxd4 {[#]} Nb4 ({Black should try} 10... Nxd4 $1 $17 {[%mdl 512]} 11. Nxd4 (11. Qxd4 Bc5) 11... Bc5) 11. Nc3 Nxc2 12. Qxc2 Nf5 13. Qd3 Bb4 {White must now prevent ...Bxc3.} 14. Rd1 h5 $146 ({Predecessor:} 14... O-O 15. Kh1 Bxc3 16. bxc3 {1-0 (40) Rzaev,B-Allahverdiyev,S Baku 2003}) 15. Kh1 O-O 16. Ng5 g6 17. Qh3 Bb5 (17... Kg7 $17 18. a3 Bxc3 19. bxc3 Ba4) 18. Nxb5 $11 Qxb5 19. g4 $1 {[%cal Rg4f5]} Qe2 {[%mdl 64] Double Attack} 20. Rg1 Ng7 $1 $36 {[%mdl 2048] Black is pushing.} ({Resist} 20... Nxd4 21. gxh5 Kg7 22. a3 $17 (22. hxg6 $2 Rh8 $19)) 21. Be3 $1 Rc2 ({But not} 21... Qxb2 $2 22. Rab1 $18) 22. a3 (22. Raf1 $1 $11 {keeps the balance.}) 22... Be7 $17 {Strongly threatening ...Bxg5.} 23. Rae1 Qd3 24. Rd1 {[#]} (24. gxh5 $17 Bxg5 25. Rxg5 Rxb2 26. hxg6 fxg6 27. Rg2 Rxg2 28. Qxg2) 24... Qb3 $1 $19 25. gxh5 Bxg5 $1 26. hxg6 fxg6 27. Rxg5 Re2 28. Rdg1 Qxe3 29. Qxe3 Rxe3 30. Rxg6 Rf7 31. Rxe6 Rxf4 32. Rd6 Re2 33. Rdg6 (33. Rxd5 $142 Rff2 34. Rg4) 33... Rf7 34. h4 (34. b4 {keeps fighting.}) 34... Re4 35. R6g4 Rxg4 36. Rxg4 Kh7 37. Kg2 $2 (37. Rg3) 37... Ne6 {Black is clearly winning.} 38. a4 Rg7 39. Kf3 Rxg4 40. Kxg4 Nxd4 {Accuracy: White = 33%, Black = 74%.} (40... Kg6 $142 41. b3 Nxd4) 0-1